| 000 | 00476cam a2200193ua 4500 | ||
|---|---|---|---|
| 001 | 2285 | ||
| 005 | 20260515113453.0 | ||
| 008 | 110805n ii |||gr||||Z||||||asm | ||
| 040 | _cMAIN | ||
| 082 | _a370.1 | ||
| 100 |
_aBaruah, Jatin , _eAuthor. |
||
| 245 | 1 |
_aShiksha tattva adhyayan _cby Jatin Baruah |
|
| 250 | _a4th. | ||
| 260 |
_aGuahati: _bLawyers book stall,996. |
||
| 300 |
_a470p: _c23cm. |
||
| 653 | _aEducation | ||
| 653 | _aShiksha tattva adhyayan | ||
| 942 | _cBK | ||
| 999 |
_c2145 _d2145 |
||